000
00199nam a2200097Ia 4500
008
240331s9999 xx 000 0 und d
082
_b
RAS
100
_a
Rasnak,B
245
0
_a
Baalaapachara
942
_c
L
999
_c
5133
_d
5133